[Event "Olympiad-45"]
[Site "Budapest"]
[Date "2024.09.21"]
[Round "10.1"]
[White "Bemmelen Van, Ursus"]
[Black "Mahamat, Hachim Bachar"]
[Result "1-0"]
[WhiteElo "2146"]
[BlackElo "1872"]
[PlyCount "129"]
[EventDate "2024.09.11"]
[EventType "team-swiss"]
[EventRounds "11"]
[EventCountry "HUN"]
[SourceTitle "EXT 2025"]
[Source "ChessBase"]
[SourceDate "2024.10.14"]
[SourceVersion "1"]
[SourceVersionDate "2024.10.14"]
[SourceQuality "1"]
[WhiteTeam "Netherlands Antilles"]
[BlackTeam "Chad"]
[WhiteTeamCountry "AHO"]
[BlackTeamCountry "CHD"]

1. d4 d5 2. Nf3 c6 3. g3 Bf5 4. Bg2 Qc8 5. Bf4 Bh3 6. Bxh3 Qxh3 7. Qd3 Nf6 8. Nbd2 h6 9. e4 e6 10. 0-0-0 Be7 11. Qe2 0-0 12. Rhg1 Ng4 13. Ne5 Nxe5 14. Bxe5 Nd7 15. Bf4 g5 16. Be3 f5 17. exf5 exf5 18. Bf4 Bf6 19. Qe6+ Rf7 20. Be5 Nxe5 21. dxe5 Bg7 22. Nf3 Raf8 23. Nd4 Kh7 24. f4 a6 25. Rd2 Qg4 26. Rf2 a5 27. Rgf1 a4 28. a3 c5 29. Nb5 d4 30. Nd6 Rc7 31. Qc4 gxf4 32. gxf4 b6 33. Kb1 Rb8 34. Nb5 Rd7 35. Qd3 Rc8 36. Qc4 Rcd8 37. Rf3 Qg2 38. Nd6 Rxd6 39. exd6 Rxd6 40. Rg3 Qb7 41. Rfg1 Rd7 42. Qe6 Rf7 43. Qg6+ Kh8 44. Re1 Re7 45. Re6 Qh1+ 46. Rg1 Qxg1+ 47. Qxg1 Rxe6 48. Qf1 Re4 49. h4 Bf6 50. h5 Bg7 51. Ka2 Kh7 52. Kb1 Kh8 53. Kc1 Bf6 54. Kd2 Rxf4 55. Qa6 Rf2+ 56. Kd3 Bg5 57. Qxa4 Be3 58. Kc4 f4 59. Qe8+ Kg7 60. Qg6+ Kf8 61. Qxh6+ Ke7 62. Kd5 f3 63. Qg7+ Ke8 64. Ke6 Bg5 65. Qg8# 1-0

[Event "Olympiad-45"]
[Site "Budapest"]
[Date "2024.09.18"]
[Round "7.1"]
[White "Bemmelen Van, Ursus"]
[Black "Asante, Debesai Zerabruk"]
[Result "0-1"]
[WhiteElo "2146"]
[BlackElo "1908"]
[PlyCount "112"]
[EventDate "2024.09.11"]
[EventType "team-swiss"]
[EventRounds "11"]
[EventCountry "HUN"]
[SourceTitle "EXT 2025"]
[Source "ChessBase"]
[SourceDate "2024.10.14"]
[SourceVersion "1"]
[SourceVersionDate "2024.10.14"]
[SourceQuality "1"]
[WhiteTeam "Netherlands Antilles"]
[BlackTeam "Eritrea"]
[WhiteTeamCountry "AHO"]
[BlackTeamCountry "ERI"]

1. c4 Nf6 2. Nc3 g6 3. g3 Bg7 4. Bg2 0-0 5. e4 d6 6. Nge2 c5 7. d3 Nc6 8. 0-0 Bg4 9. h3 Bxe2 10. Nxe2 Ne8 11. Rb1 Nc7 12. Kh2 Ne6 13. f4 Ned4 14. Nc3 f5 15. Be3 Rb8 16. Qd2 a6 17. Rbe1 Qd7 18. Bf2 Kh8 19. b3 b5 20. exf5 gxf5 21. Nd5 Rfe8 22. Qd1 e6 23. Ne3 Bh6 24. Qh5 Qg7 25. Bg1 Qg6 26. Qxg6 hxg6 27. g4 Kg8 28. Bxc6 Nxc6 29. Nc2 Bg7 30. Re2 Kf7 31. Kg3 Bf6 32. Be3 Re7 33. Kg2 Rbe8 34. Ref2 Rd7 35. Rh1 Bh4 36. Rff1 Rde7 37. Bf2 Bf6 38. Be3 e5 39. gxf5 gxf5 40. fxe5 Rxe5 41. Rf3 Nb4 42. Nxb4 cxb4 43. Bf4 Re2+ 44. Rf2 Bd4 45. Rxe2 Rxe2+ 46. Kf3 Rf2+ 47. Kg3 Rxa2 48. cxb5 axb5 49. Bxd6 Rb2 50. Kf4 Ke6 51. Bxb4 Be5+ 52. Ke3 f4+ 53. Ke4 Re2+ 54. Kf3 Re3+ 55. Kg4 Rg3+ 56. Kh4 Rg8 0-1

[Event "Olympiad-45"]
[Site "Budapest"]
[Date "2024.09.12"]
[Round "2.75"]
[White "Bemmelen Van, Ursus"]
[Black "Moncur, Cecil"]
[Result "1-0"]
[WhiteElo "2146"]
[BlackElo "1839"]
[PlyCount "79"]
[EventDate "2024.09.11"]
[EventType "team-swiss"]
[EventRounds "11"]
[EventCountry "HUN"]
[SourceTitle "EXT 2025"]
[Source "ChessBase"]
[SourceDate "2024.10.14"]
[SourceVersion "1"]
[SourceVersionDate "2024.10.14"]
[SourceQuality "1"]
[WhiteTeam "Netherlands Antilles"]
[BlackTeam "Bahamas"]
[WhiteTeamCountry "AHO"]
[BlackTeamCountry "BAH"]

1. d4 g6 2. c4 Bg7 3. Nf3 d6 4. h3 Nc6 5. Bg5 Nf6 6. Nc3 0-0 7. e3 Re8 8. Be2 Nd7 9. 0-0 h6 10. Bh4 g5 11. Bg3 e5 12. dxe5 Ndxe5 13. Qc2 Be6 14. Nd5 f5 15. Rad1 Qd7 16. b4 Nxf3+ 17. Bxf3 Ne5 18. Bh5 Bf7 19. Bxf7+ Qxf7 20. f4 Nxc4 21. Qxc4 c6 22. fxg5 cxd5 23. Rxd5 Be5 24. g6 Qe6 25. Bxe5 dxe5 26. Rxf5 Rac8 27. Qd3 Rc3 28. Rfxe5 Rxd3 29. Rxe6 Rxe3 30. Rxe8+ Rxe8 31. Rd7 Re2 32. a4 Rb2 33. Rxb7 a5 34. b5 Rb4 35. Ra7 Rxa4 36. b6 Rb4 37. b7 a4 38. Ra8+ Kg7 39. b8Q Rxb8 40. Rxb8 1-0

[Event "Olympiad-45"]
[Site "Budapest"]
[Date "2024.09.11"]
[Round "1.28"]
[White "Vocaturo, Daniele"]
[Black "Bemmelen Van, Ursus"]
[Result "1-0"]
[WhiteElo "2600"]
[BlackElo "2146"]
[PlyCount "43"]
[EventDate "2024.09.11"]
[EventType "team-swiss"]
[EventRounds "11"]
[EventCountry "HUN"]
[SourceTitle "EXT 2025"]
[Source "ChessBase"]
[SourceDate "2024.10.14"]
[SourceVersion "1"]
[SourceVersionDate "2024.10.14"]
[SourceQuality "1"]
[WhiteTeam "Italy"]
[BlackTeam "Netherlands Antilles"]
[WhiteTeamCountry "ITA"]
[BlackTeamCountry "AHO"]

1. e4 e6 2. d4 d5 3. e5 c5 4. c3 Qb6 5. Nf3 Bd7 6. Be2 Bb5 7. Bxb5+ Qxb5 8. Na3 Qd7 9. Nc2 Nc6 10. 0-0 cxd4 11. cxd4 Nge7 12. Qd3 h5 13. Bg5 Nf5 14. Ne3 Be7 15. Nxf5 exf5 16. Bxe7 Nxe7 17. Ng5 Rh6 18. h4 Rb6 19. Rfe1 Rc8 20. Qe2 g6 21. e6 fxe6 22. Qe5 1-0

[Event "Olympiad-44"]
[Site "Chennai"]
[Date "2022.08.05"]
[Round "7.2"]
[White "Croes, Octavio"]
[Black "Bemmelen Van, Ursus"]
[Result "0-1"]
[WhiteElo "1794"]
[BlackElo "2145"]
[PlyCount "52"]
[EventDate "2022.07.29"]
[EventType "team-swiss"]
[EventRounds "11"]
[EventCountry "IND"]
[SourceTitle "CBM 210"]
[Source "ChessBase"]
[SourceDate "2022.10.31"]
[SourceVersion "1"]
[SourceVersionDate "2022.10.31"]
[SourceQuality "1"]
[WhiteTeam "Aruba"]
[BlackTeam "Netherlands Antilles"]
[WhiteTeamCountry "ARN"]
[BlackTeamCountry "AHO"]

1. d4 d5 2. c4 e6 3. Nf3 Nf6 4. g3 Bb4+ 5. Bd2 Bd6 6. Bg2 0-0 7. 0-0 c6 8. Bg5 Nbd7 9. Qc2 h6 10. Bxf6 Qxf6 11. cxd5 exd5 12. Nc3 Qd8 13. e3 Re8 14. a3 a5 15. Rab1 Nb6 16. Nd2 g6 17. e4 dxe4 18. Ndxe4 Bf8 19. Rbd1 Bf5 20. Qd3 Be6 21. Rfe1 Bb3 22. Rd2 f5 23. Nf6+ Qxf6 24. Ne4 Qf7 25. Nf6+ Qxf6 26. Qxb3+ Qf7 0-1

[Event "Olympiad-43"]
[Site "Batumi"]
[Date "2018.10.03"]
[Round "9.2"]
[White "Salih, Al Hor"]
[Black "Bemmelen Van, Ursus"]
[Result "1-0"]
[WhiteElo "1847"]
[BlackElo "2152"]
[PlyCount "73"]
[EventDate "2018.09.24"]
[EventType "team-swiss"]
[EventRounds "11"]
[EventCountry "GEO"]
[SourceTitle "CBM 187"]
[Source "ChessBase"]
[SourceDate "2018.12.11"]
[SourceVersion "1"]
[SourceVersionDate "2018.12.11"]
[SourceQuality "1"]
[WhiteTeam "Qatar"]
[BlackTeam "Netherlands Antilles"]
[WhiteTeamCountry "QAT"]
[BlackTeamCountry "AHO"]

1. e4 c5 2. c3 d6 3. d4 Nd7 4. Nf3 e6 5. Bg5 Be7 6. Bxe7 Qxe7 7. Bd3 Ngf6 8. 0-0 0-0 9. Bc2 e5 10. Na3 Nb6 11. h3 Bd7 12. Qd2 Bc6 13. d5 Bd7 14. Kh2 Nh5 15. g3 Qf6 16. Nh4 g6 17. Bd1 Nf4 18. Bg4 Rae8 19. Nf3 Bxg4 20. hxg4 Nfxd5 21. Kg2 Nc7 22. Rh1 Qe7 23. Ng5 h6 24. Nh7 g5 25. Rxh6 Kg7 26. Rah1 Rh8 27. Rf6 Ne6 28. Rfh6 Nf8 29. Nf6 Rxh6 30. Rxh6 Ne6 31. Nxe8+ Kxh6 32. Nxd6 Kg6 33. Nab5 a6 34. Nf5 Qe8 35. Nbd6 Qd7 36. Qd1 c4 37. Qh1 1-0

[Event "Olympiad-43"]
[Site "Batumi"]
[Date "2018.09.30"]
[Round "6.70"]
[White "Bemmelen Van, Ursus"]
[Black "Cu Hor, Winston Darwin"]
[Result "0-1"]
[WhiteElo "2152"]
[BlackElo "2319"]
[PlyCount "50"]
[EventDate "2018.09.24"]
[EventType "team-swiss"]
[EventRounds "11"]
[EventCountry "GEO"]
[SourceTitle "CBM 187"]
[Source "ChessBase"]
[SourceDate "2018.12.11"]
[SourceVersion "1"]
[SourceVersionDate "2018.12.11"]
[SourceQuality "1"]
[WhiteTeam "Netherlands Antilles"]
[BlackTeam "Guatemala"]
[WhiteTeamCountry "AHO"]
[BlackTeamCountry "GUA"]

1. Nf3 d5 2. c4 e6 3. b3 d4 4. e3 c5 5. Bb2 Nc6 6. exd4 cxd4 7. d3 Nf6 8. g3 e5 9. Bg2 Bb4+ 10. Nbd2 Bf5 11. Qe2 0-0 12. 0-0 Re8 13. Nh4 Bg4 14. f3 Be6 15. Ne4 Nd7 16. Bh1 f5 17. Nf2 a5 18. a3 Be7 19. Ng2 Nc5 20. b4 axb4 21. axb4 Rxa1 22. Rxa1 Nxb4 23. Qxe5 Bf8 24. Ne1 Nb3 25. Rb1 Bd7 0-1